000 00854cam a2200217 a 4500
001 000007283
005 20200929154124.0
008 790815s1978 ag a b 001 0 spa
040 _aDO-SdBNP
_cDLC
_dDLC
082 _a918.82
_bD244g, 1978
100 1 _aDaus, Federico A.
_q(Federico Alberto Daus),
_d1901-1988.
_920218
245 1 0 _aGeografía y unidad Argentina /
_cFederico A. Daus.
250 _a2a ed.
260 _aBuenos Aires :
_bCentro Naval :
_bInstituto de Publicaciones Navales,
_c1978.
300 _a190 p. :
_bil. ;
_c23 cm.
490 1 _aCiencia y técnica
_vno. 7
_aInstituto de Publicaciones Navales
_vv. 38
504 _aBibliografías: p. 185-188.
651 4 _aArgentina
_xGeografía Histórica
_920219
830 0 _aCiencia y técnica ;
_vno. 7
_pInstituto de Publicaciones Navales ;
_vv. 38
_920220
910 _aCatalogación por copia / LC
999 _c7064
_d7064